000
00311nam a2200121Ia 4500
005
20260328104258.0
008
260328s9999||||xx |||||||||||||| ||und||
100
_a
Pålsson, Karsten
245
0
_a
Human Urban Renewal /
_c
Karsten Pålsson
260
_b
Pålsson Arkitekter
650
_a
ARQUITECTOS
942
_c
BK
999
_c
10491
_d
10491